| 000 | 00000nam##2200000za#4500 |
| 001 | 9.598584 |
| 003 | CaOODSP |
| 005 | 20240314152354 |
| 007 | cr ||||||||||| |
| 008 | 150406|2005||||xxc|||||o f|0| 0 fre|d |
| 020 | |a978-1-100-94396-1 |
| 040 | |aCaOODSP|bfre |
| 043 | |an-cn--- |
| 086 | 1 |aPS3-2/4-2005F-PDF |
| 110 | 1 |aCanada. |bSécurité publique Canada. |
| 245 | 10|aPeines de ressort fédéral |h[ressource électronique] |
| 260 | |bSécurité publique Canada |c[2007?]. |
| 300 | |a2p. |
| 490 | 1 |aSystème correctionnel, faits en bref |
| 590 | |a10-13-Supp|b2010-11-23 |
| 691 | 07|aDécision du tribunal|2gcpds |
| 775 | 08|tFederal sentences |w(CaOODSP)9.567226 |
| 830 | #0|aSystème correctionnel, faits en bref.|w(CaOODSP)9.502387 |
| 856 | 40|ahttp://publications.gc.ca|qPDF|s604 Ko|uhttps://publications.gc.ca/collections/collection_2010/sp-ps/PS3-2-4-2005-fra.pdf |